000 00827nam a2200229 i 4500
001 95027
003 ES-MaACL
005 20250823063048.0
007 t|
008 050519s1964 sp ||||1| spa d
100 0 _aLuis de Granada,
_c(O.P.),
_d1504-1588
_974687
245 1 0 _aVidas del padre maestro Juan de Avila /
_cFray Luis de Granada, Licenciado Luis Muñoz; presentación y edición por Luis Sala Balust.
260 _aBarcelona :
_bJuan Flors,
_c1964.
300 _aXII, 618 p., 3 lám. :
_bil. ;
_c17 cm.
490 1 _aEspirituales españoles. Serie A
600 1 4 _aJuan de Ávila
_cSanto.
_9139727
700 1 _aSala Balust, Luis.
_9101657
700 1 _aMuñoz, Luis.
_984327
830 0 _aEspirituales españoles. Serie A
_9184351
852 _aES-MaACL
_jC-26479
_bR.54786
999 _c95027
_d95027